000 00873nam a2200301Ia 4500
001 Z_2904
003 CHAP
008 220113s9999 xx 000 0 und d
010 _a165985
020 _a84-200-0479-0
040 _cCHAP
082 _a636.213 M38
100 _aMatsushima, John K.
_973061
245 _aAlimentación de vacuno para carne /
_cJohn K. Matsushima ; traducción Pedro Ducar Maluenda
260 _aEspaña :
_bAcribia,
_c
300 _a142 p.
500 _aTraducción de la obra en inglés: Feeding beed cattle
503 _aej.1: \ ej.2: 135671 \ ej.3: 79410 \ ej.4: C/E
504 _aIncluye bibliografía
650 _aGanado de carne
_x
_x Alimentación y alimentos
_9140011
700 _aDucar Maluenda, Pedro, tr.
901 _a636.213 M38
902 _aM
910 _a
942 _c1
942 _cc1
999 _c165985
_d165985